National Film Registry Quiz #1 - Statistics

General Stats
  • This quiz has been taken 4 times
  • The average score is 18 of 25
Answer Stats
Year Description Entree % Correct
1941 A reporter investigates the death of a newspaper magnate as they attempt to piece together the meaning of the victim's last words. Citizen Kane
100%
1964 A mentally unstable U.S. general orders a preemptive nuclear attack on the Soviet Union as incompetent politicians try to stop him. Dr. Strangelove
100%
1939 A strong-willed woman survives poverty and maintains her plantation as she navigates unrequited love and a tumultuous marriage. Gone With the Wind
100%
1952 The sense of duty of a marshal is tested when he must choose between stopping a gang of vicious outlaws alone or leaving town with his wife. High Noon
100%
1977 A young man is recruited by a peacekeeper from an extinct order to rescue a princess who was recently captured by the intergalactic empire. Star Wars
100%
1950 A struggling screenwriter stumbles into the mansion of a decaying silent film star. The film star's obsession with fame results in the screenwriter's death. Sunset Boulevard
100%
1939 A Kansas farm girl and her dog are transported to a foreign magical land. As they try to go home, they befriend a scarecrow, tin man, and a lion. The Wizard of Oz
100%
1958 An ex-police officer with acrophobia finds himself involved in a complicated murder mystery. After the victim reappears alive, the mystery begins to unravel. Vertigo
100%
1942 An American expatriate must choose between their love for a woman and helping her husband continue his fight against the Nazis. Casablanca
67%
1936 A man, overwhelmed by the difficulties of modern life, is repeatedly sent to prison where he forms a friendship with an orphan girl. Modern Times
67%
1939 An newly-appointed and idealistic U.S. senator must fight against government corruption in relation to a dam project. Mr. Smith Goes to Washington
67%
1922 A documentary that depicts the lifestyles of the Inuit people and their approach to construction, hunting, and fishing. Nanook of the North
67%
1954 A dockworker witnesses the murder of a longshoreman and teams up with the victim's sister and a priest to ruin the mob boss responsible for the crime. On the Waterfront
67%
1952 Amidst the transition from silent films to "talkies," a movie star discovers that his coworker cannot sing resulting in her being replaced by a young actress. Singin' in the Rain
67%
1937 A jealous queen orders the murder of her stepdaughter, who after eating a poisoned apple falls into a death-like sleep that can only be broken by a prince. Snow White and the Seven Dwarfs
67%
1959 Two friends witness a mafia hit and disguise themselves as women to escape. They join an all-female jazz band and navigate unexpected drama. Some Like It Hot
67%
1946 Three veterans return from WWII and are forced to readjust to society and civilian life. The Best Years of Our Lives
67%
1927 A railway engineer from the South pursues Union spies after they steal his beloved locomotive that had his fiancée aboard. The General
67%
1940 An American family lose their farm amidst the Great Depression and experience an arduous journey as they travel to California for work. The Grapes of Wrath
67%
1941 After the murder of his partner, a detective gets entangled in a web of deception tied to a priceless statuette. The Maltese Falcon
67%
1916 Features four interconnected stories that details how humans are inhuman to other humans. Settings include Babylon, Judea, France, and California. Intolerance
33%
1927 A farmer bored with life falls in love with a city girl who convinces him to murder his wife. After his wife runs away, he must regain her trust once more. Sunrise
33%
1928 A man with big dreams find themselves trapped in a dead-end existence as a low-level worker in a rocky marriage. The Crowd
33%
1969 An African-American teen navigating racial prejudice witnesses his friend's father murder someone. What ensues after alters his world. The Learning Tree
33%
1956 A bitter Civil War veteran spends five years tracking Comanche warriors after they kill his brother's family and kidnap his niece. The Searchers
33%
No matching quizzes found
Score Distribution
Percent of People with Each Score
Percentile by Number Answered
Your Score History
You have not taken this quiz